| 000 | 00628nam a2200193 4500 | ||
|---|---|---|---|
| 001 | 144613 | ||
| 003 | ES-MaACL | ||
| 005 | 20230906201046.0 | ||
| 007 | t| | ||
| 008 | 070214s1970 mx r ||||1| spa d | ||
| 100 | 1 |
_aSimini, Joseph Peter. _9106473 |
|
| 245 | 1 | 0 |
_aContabilidad superior simplificada / _cJoseph Peter Simini ; traducción de María Teresa Zepeda de M. |
| 250 | _a1ª. ed. | ||
| 260 |
_aMéxico : _bCompañía General de Ediciones, _c1970. |
||
| 300 |
_a194 p. : _bil. ; _c27 cm. |
||
| 650 | 0 | 4 |
_aContabilidad. _911307 |
| 700 | 1 |
_aZepeda de M., María Teresa. _9118192 |
|
| 852 |
_aES-MaACL _jE-9189 _bR.93800 |
||
| 999 |
_c144613 _d144613 |
||